Dan Janal's guide to marketing on the internet : (Record no. 19317)
[ view plain ]
| 000 -LEADER | |
|---|---|
| fixed length control field | 00496nam a2200157 a 4500 |
| 005 - DATE AND TIME OF LATEST TRANSACTION | |
| control field | 20140310183137.0 |
| 008 - FIXED-LENGTH DATA ELEMENTS--GENERAL INFORMATION | |
| fixed length control field | 020820s19uu xx 00 eng d |
| 050 ## - LIBRARY OF CONGRESS CALL NUMBER | |
| Classification number | HF 5415.1265 |
| Item number | .J358 2000 |
| 100 ## - MAIN ENTRY--PERSONAL NAME | |
| Personal name | Janal, Daniel S. |
| 245 ## - TITLE STATEMENT | |
| Title | Dan Janal's guide to marketing on the internet : |
| Remainder of title | getting people to visit buy, and become customers for life / |
| Statement of responsibility, etc | Daniel S. Janal. |
| 300 ## - PHYSICAL DESCRIPTION | |
| Extent | 392p .: |
| Dimensions | 27 cm. |
| 521 ## - TARGET AUDIENCE NOTE | |
| Target audience note | |
| 650 ## - SUBJECT ADDED ENTRY--TOPICAL TERM | |
| Topical term or geographic name as entry element | Internet marketing |
| 942 ## - ADDED ENTRY ELEMENTS (KOHA) | |
| Koha item type | Books |
| Source of classification or shelving scheme | Library of Congress Classification |
| Call number prefix | Foreign |
| Withdrawn status | Lost status | Source of classification or shelving scheme | Damaged status | Home library | Current library | Shelving location | Date acquired | Total Checkouts | Total Renewals | Full call number | Barcode | Date last seen | Date checked out | Copy number | Price effective from | Koha item type |
|---|---|---|---|---|---|---|---|---|---|---|---|---|---|---|---|---|
| Library of Congress Classification | College Library | College Library | General Circulation Section | 01/21/2014 | 1 | 5 | HF 5415.1265 .J358 2000 | C0136 | 11/19/2019 | 09/25/2019 | 1 | 01/21/2014 | Books |